MARC details
| 000 -LEADER |
| fixed length control field |
03019cim a2200709Ii 4500 |
| 001 - CONTROL NUMBER |
| control field |
on1164716909 |
| 003 - CONTROL NUMBER IDENTIFIER |
| control field |
OCoLC |
| 005 - DATE AND TIME OF LATEST TRANSACTION |
| control field |
20200910164852.0 |
| 007 - PHYSICAL DESCRIPTION FIXED FIELD--GENERAL INFORMATION |
| fixed length control field |
sd fungnnmmneu |
| 008 - FIXED-LENGTH DATA ELEMENTS--GENERAL INFORMATION |
| fixed length control field |
200713s2020 ohunnnn bh n eng d |
| 040 ## - CATALOGING SOURCE |
| Original cataloging agency |
TEFMT |
| Language of cataloging |
eng |
| Description conventions |
rda |
| Transcribing agency |
TEFMT |
| Modifying agency |
TEF |
| -- |
GK8 |
| -- |
OCLCF |
| -- |
WACOL |
| 020 ## - INTERNATIONAL STANDARD BOOK NUMBER |
| International Standard Book Number |
9781662003554 |
| 020 ## - INTERNATIONAL STANDARD BOOK NUMBER |
| International Standard Book Number |
1662003552 |
| 024 3# - OTHER STANDARD IDENTIFIER |
| Standard number or code |
9781662003554 |
| 035 ## - SYSTEM CONTROL NUMBER |
| System control number |
(OCoLC)1164716909 |
| 037 ## - SOURCE OF ACQUISITION |
| Source of stock number/acquisition |
Midwest Tape |
| Note |
http://www.midwesttapes.com |
| 043 ## - GEOGRAPHIC AREA CODE |
| Geographic area code |
n-us--- |
| -- |
n-us-ny |
| 050 #4 - LIBRARY OF CONGRESS CALL NUMBER |
| Classification number |
E901.1.O27 |
| Item number |
A55 2020ab |
| 082 04 - DEWEY DECIMAL CLASSIFICATION NUMBER |
| Classification number |
328.73/092 |
| -- |
B |
| Edition number |
23 |
| 092 ## - LOCALLY ASSIGNED DEWEY CALL NUMBER (OCLC) |
| Classification number |
92 |
| Item number |
Oca |
| 049 ## - LOCAL HOLDINGS (OCLC) |
| Holding library |
WACL |
| 245 00 - TITLE STATEMENT |
| Title |
AOC : |
| Remainder of title |
the fearless rise and powerful resonance of Alexandria Ocasio-Cortez / |
| Statement of responsibility, etc |
edited by Lynda Lopez. |
| 250 ## - EDITION STATEMENT |
| Edition statement |
Unabridged. |
| 264 #1 - Production, Publication, Distribution, Manufacture, and Copyright Notice. |
| Place of production, publication, distribution, manufacture |
Holland, OH : |
| Name of producer, publisher, distributor, manufacturer |
Dreamscape Media, LLC, |
| Date of production, publication, distribution, manufacture, or copyr |
[2020] |
| 300 ## - PHYSICAL DESCRIPTION |
| Extent |
5 audio discs (approximately 5 hr., 24 min.) : |
| Other physical details |
CD audio, digital ; |
| Dimensions |
4 3/4 in. |
| 306 ## - PLAYING TIME |
| Playing time |
052400 |
| 336 ## - Content Type |
| Content type term |
spoken word |
| 337 ## - Media type |
| Media type term |
audio |
| 338 ## - Carrier type |
| Carrier type term |
audio disc |
| 344 ## - |
| -- |
digital |
| -- |
rdatr |
| 344 ## - |
| -- |
optical |
| -- |
rdarm |
| 347 ## - |
| -- |
audio file |
| -- |
rdaft |
| 347 ## - |
| -- |
CD audio |
| 500 ## - GENERAL NOTE |
| General note |
Title from container. |
| 511 0# - PARTICIPANT OR PERFORMER NOTE |
| Participant or performer note |
Read by Cary Hite and Marisa Blake. |
| 500 ## - GENERAL NOTE |
| General note |
Compact discs. |
| 520 ## - SUMMARY, ETC. |
| Summary, etc |
The collection of essays celebrates a remarkable young Latina politician who has, in so many ways, made history, and will continue to do so as her career unfolds. |
| 521 ## - TARGET AUDIENCE NOTE |
| Target audience note |
CD |
| Source |
MicroMarketing |
| 600 10 - SUBJECT ADDED ENTRY--PERSONAL NAME |
| Personal name |
Ocasio-Cortez, Alexandria, |
| Dates associated with a name |
1989- |
| General subdivision |
Influence. |
| 9 (RLIN) |
6373509 |
| 610 10 - SUBJECT ADDED ENTRY--CORPORATE NAME |
| Corporate name or jurisdiction name as entry element |
United States. |
| Subordinate unit |
Congress. |
| -- |
House |
| Form subdivision |
Biography. |
| 9 (RLIN) |
5691418 |
| 650 #0 - SUBJECT ADDED ENTRY--TOPICAL TERM |
| Topical term or geographic name as entry element |
Hispanic American women legislators |
| Form subdivision |
Biography. |
| 9 (RLIN) |
6373510 |
| 650 #0 - SUBJECT ADDED ENTRY--TOPICAL TERM |
| Topical term or geographic name as entry element |
Legislators |
| Geographic subdivision |
United States |
| Form subdivision |
Biography. |
| 9 (RLIN) |
5684774 |
| 650 #0 - SUBJECT ADDED ENTRY--TOPICAL TERM |
| Topical term or geographic name as entry element |
Hispanic American women |
| General subdivision |
Political activity. |
| 9 (RLIN) |
6373511 |
| 650 #0 - SUBJECT ADDED ENTRY--TOPICAL TERM |
| Topical term or geographic name as entry element |
Hispanic Americans |
| General subdivision |
Political activity. |
| 9 (RLIN) |
6373512 |
| 651 #0 - SUBJECT ADDED ENTRY--GEOGRAPHIC NAME |
| Geographic name |
New York (N.Y.) |
| Form subdivision |
Biography. |
| 9 (RLIN) |
5694652 |
| 610 17 - SUBJECT ADDED ENTRY--CORPORATE NAME |
| Corporate name or jurisdiction name as entry element |
United States. |
| Subordinate unit |
Congress. |
| -- |
House. |
| Source of heading or term |
fast |
| -- |
(OCoLC)fst00536930 |
| 9 (RLIN) |
6373513 |
| 650 #7 - SUBJECT ADDED ENTRY--TOPICAL TERM |
| Topical term or geographic name as entry element |
Hispanic American women legislators. |
| Source of heading or term |
fast |
| -- |
(OCoLC)fst01739720 |
| 9 (RLIN) |
6373514 |
| 650 #7 - SUBJECT ADDED ENTRY--TOPICAL TERM |
| Topical term or geographic name as entry element |
Hispanic American women |
| General subdivision |
Political activity. |
| Source of heading or term |
fast |
| -- |
(OCoLC)fst00957489 |
| 9 (RLIN) |
6373511 |
| 650 #7 - SUBJECT ADDED ENTRY--TOPICAL TERM |
| Topical term or geographic name as entry element |
Hispanic Americans |
| General subdivision |
Political activity. |
| Source of heading or term |
fast |
| -- |
(OCoLC)fst00957585 |
| 9 (RLIN) |
6373512 |
| 650 #7 - SUBJECT ADDED ENTRY--TOPICAL TERM |
| Topical term or geographic name as entry element |
Influence (Literary, artistic, etc.) |
| Source of heading or term |
fast |
| -- |
(OCoLC)fst00972484 |
| 9 (RLIN) |
86003 |
| 650 #7 - SUBJECT ADDED ENTRY--TOPICAL TERM |
| Topical term or geographic name as entry element |
Legislators. |
| Source of heading or term |
fast |
| -- |
(OCoLC)fst00995828 |
| 9 (RLIN) |
6373515 |
| 651 #7 - SUBJECT ADDED ENTRY--GEOGRAPHIC NAME |
| Geographic name |
New York (State) |
| Geographic subdivision |
New York. |
| Source of heading or term |
fast |
| -- |
(OCoLC)fst01204333 |
| 9 (RLIN) |
5675593 |
| 651 #7 - SUBJECT ADDED ENTRY--GEOGRAPHIC NAME |
| Geographic name |
United States. |
| Source of heading or term |
fast |
| -- |
(OCoLC)fst01204155 |
| 9 (RLIN) |
6373516 |
| 655 #7 - INDEX TERM--GENRE/FORM |
| Genre/form data or focus term |
Audiobooks. |
| Source of term |
fast |
| -- |
(OCoLC)fst01726208 |
| 9 (RLIN) |
6373517 |
| 655 #7 - INDEX TERM--GENRE/FORM |
| Genre/form data or focus term |
Biographies. |
| Source of term |
fast |
| -- |
(OCoLC)fst01919896 |
| 9 (RLIN) |
5691024 |
| 655 #7 - INDEX TERM--GENRE/FORM |
| Genre/form data or focus term |
Audiobooks. |
| Source of term |
lcgft |
| 9 (RLIN) |
6373517 |
| 655 #7 - INDEX TERM--GENRE/FORM |
| Genre/form data or focus term |
Essays. |
| Source of term |
lcgft |
| 9 (RLIN) |
5706758 |
| 700 1# - ADDED ENTRY--PERSONAL NAME |
| Personal name |
Lopez, Lynda, |
| Dates associated with a name |
1971- |
| Relator term |
editor. |
| 9 (RLIN) |
6373518 |
| 700 1# - ADDED ENTRY--PERSONAL NAME |
| Personal name |
Hite, Cary, |
| Relator term |
narrator. |
| 9 (RLIN) |
6373519 |
| 700 1# - ADDED ENTRY--PERSONAL NAME |
| Personal name |
Blake, Marisa, |
| Relator term |
narrator. |
| 9 (RLIN) |
6068974 |
| 994 ## - |
| -- |
C0 |
| -- |
WACOL |